| 000 | 01172nam a22002057a 4500 | ||
|---|---|---|---|
| 003 | AM-YEHGA | ||
| 005 | 20250617164250.0 | ||
| 008 | 211115b1960 lt ||||| |||| 00| 0 rus d | ||
| 040 | _aAM-YeHGA | ||
| 041 | 0 |
_arus _alit |
|
| 245 | 0 | 0 |
_aХимия и химические процессы в народном хозяйстве Советской Литвы = _bChemija ir cheminiai procesai tarybu Lietuvos liaudies ukyje : Библиографический указатель / _cСост. : А. Юрчюконене, В. Лиров ; Науч. библиотека Вильнюсского государственного универ. им. В. Капсукаса |
| 246 | 3 | 1 | _aChemija ir cheminiai procesai tarybu Lietuvos liaudies ukyje |
| 260 |
_aVilnius : _b Респ. ин-т науч.-техн. информации и пропаганды, _c1962 |
||
| 546 | _aТекст на рус. и лит. яз. | ||
| 650 | 1 | 4 | _aХимия |
| 710 | 2 | _aНаучная библиотека Вильнюсского государственного университета им. В. Капсукаса | |
| 942 |
_2udc _cBK |
||
| 001 | 1803025 | ||
| 090 | _c524327 | ||
| 999 |
_c520755 _d520755 |
||